Open Data Biblioteca Nacional de Portugal


República Portuguesa: Ministério da Cultura
Biblioteca Nacional de Portugal

Catálogo da BNP: acesso por Identificadores Unívocos
Registos Bibliográficos associados ao registo de autoridade

Etiqueta de registo: 00254nam 2200025 450
001 2284679
003 http://id.bnportugal.gov.pt/bib/catbnp/2284679
100 ## $a20260417d2025 k y0pory01030103ba
101 0# $aeng$dpor
102 ## $aPT
105 ## $aa m 000yy
106 ## $ar
200 1# $aAdditive manufacturing of polyetheretherketone (PEEK) for patient-specific implant (PSI) applications$edevelopments in the mechanical performance and biofunctionalization of 3D-printed PEEK for the production of load-bearing implantable medical devices$fPedro Miguel Palma Rendas$gorient. Bruno Alexandre Rodrigues Simões Soares, Catarina Isabel Silva Vidal, Lígia Margarida Jorge de Figueiredo
210 #9 $a[S.l.$cs.n.],$d2025
215 ## $aXXVIII, 254 p.$cil.$d30 cm
328 #1 $aTese dout. Mechanical Engineering, Nova School of Science & Technology, Universidade Nova de Lisboa, 2025
700 #1 $aRendas,$bPedro Miguel Palma$31996174
702 #1 $aFigueiredo,$bLígia Margarida Jorge de$4727$31718316
702 #1 $aVidal,$bCatarina Isabel Silva$4727$31610493
702 #1 $aSoares,$bBruno Alexandre Rodrigues Simões$4727$31634193
801 #0 $aPT$bBN$gRPC
966 ## $lBN$mFGMON$x1
971 ## $cisantos$d20260417

OpendataBNP@bnportugal.pt | Mais informação sobre acesso aos dados BNP